Random Tom Clancy's Rainbow Six Siege Operators (by Logo) - Statistics

General Stats
  • This quiz has been taken 6,340 times
    1,522 since last reset
  • The average score is 8 of 9
Answer Stats
Picture Answer % Correct
Lion
99%
Ram
99%
Twitch
98%
Ace
97%
Doc
97%
Mira
97%
Mozzie
97%
Warden
97%
Castle
96%
Caveira
96%
Frost
96%
Fuze
96%
IQ
96%
Jackal
96%
Kapkan
96%
Oryx
96%
Sledge
96%
Valkyrie
96%
Ying
96%
Zofia
96%
Ela
95%
Maverick
95%
Mute
95%
Nomad
95%
Thermite
95%
Amaru
94%
Buck
94%
Echo
94%
Finka
94%
Glaz
94%
Maestro
94%
Pulse
94%
Smoke
94%
Vigil
94%
Hibana
93%
Iana
93%
Nøkk
93%
Thatcher
93%
Thorn
93%
Ash
92%
Blackbeard
92%
Deimos
92%
Goyo
92%
Jäger
92%
Kaid
92%
Kali
92%
Melusi
92%
Rook
92%
Tachanka
92%
Zero
92%
Aruni
91%
Bandit
91%
Dokkaebi
91%
Recruit
91%
Sens
91%
Alibi
90%
Azami
90%
Lesion
90%
Solis
90%
Striker
90%
Capitão
89%
Clash
89%
Wamai
89%
Blitz
88%
Brava
88%
Grim
88%
Osa
88%
Fenrir
87%
Flores
87%
Montagne
87%
Sentry
87%
Thunderbird
86%
Gridlock
85%
Tubarão
81%
Skopós
75%
No matching quizzes found
Score Distribution
Percent of People with Each Score
Percentile by Number Answered
Your Score History
You have not taken this quiz since the last reset